000 00967nam a2200289 i 4500
003 DO-SdBNP
005 20241218112034.0
007 ta
008 241218s1997 dr 000 0 spa d
020 _a9681903986
040 _aDO-SdBNP
_bspa
_cBNPHU
_erda
082 _axxx
_bG643
_222
100 _aGonzález, José Luis,
_d1926-1996
_913619
_eautor
_4aut.
245 1 0 _aCuentos completos /
_cJosé Luis González ; prólogo Arcadio Díaz Quiñones
264 1 _aMéxico :
_bAlfaguara,
_c1997.
300 _a354 páginas
_c24 cm.
336 _atexto
_btxt
_2rdacontent
337 _asin mediación
_bn
_2rdamedia
338 _avolumen
_bnc
_2rdacarrier
500 _aIncluye datos biografícos del autor en la solapa de la portada.
590 _aInventariado, 2024/ YL
650 0 _aPoesía dominicana
_9176
650 0 _aLiteratura dominicana.
_967
700 _aDíaz Quiñones, Arcadio
_eprologuista
_4prol.
_910597
910 _aYLockward
942 _2ddc
_cLBS1
999 _c57975
_d57975